• 首页
  • 本馆介绍
  • 公告通知
  • 最新文献
  • 馆藏检索
  • 电子资源
  • 读者导购
  • 参考咨询
  • 我的图书馆
  • 登录
  • 详细信息显示
  • 放入我的书架
  • 预约/预借图书
  • 作者相关作品
  • 分类相关作品
  • 丛书相关作品
  • 出版社相关作品

书目信息

  • 表格格式
  • 工作单格式
  • 卡片格式
题名:
宇宙大预言
    
 
作者: 美狄亚 编著
分册:  
出版信息: 北京   台海出版社  2012.01
页数: 240页
开本: 24cm
丛书名:
单 册:
中图分类: P159-49
科图分类:
主题词: 宇宙学--通俗读物 , 宇宙学
电子资源:
ISBN: 978-7-80141-915-6
000 00958nam0 2200253 45
001 1360519952
005 20130530170142.92
010    @a978-7-80141-915-6@dCNY29.80
100    @a20130513d2012 em y0chiy50 ea
101 0  @achi
102    @aCN@b110000
105    @aa z 000yy
106    @ar
200 1  @a宇宙大预言@AYu Zhou Da Yu Yan@e最可能毁灭人类的十大灾难@EZui Ke Neng Hui Mie Ren Lei De Shi Da Zai Nan@f美狄亚编著@FMei Di Ya Bian Zhu
210    @a北京@c台海出版社@d2012.01
215    @a240页@c图@d24cm
330    @a本书讲述了一个合乎逻辑、无懈可击的预言,将动摇人们千百年来对地球的传统认识。主要包括:小行星撞毁地球?概率大过彩票中大奖;没有太阳,地球将被冷冻起来等。
517 1  @a最可能毁灭人类的十大灾难@AZui Ke Neng Hui Mie Ren Lei De Shi Da Zai Nan
606 0  @a宇宙学@j通俗读物
606 0  @a宇宙学
690    @aP159-49@v5
701  0 @a美狄亚@AMei Di Ya@4编著
801    @aCN@bTANGWEI@c20130522
905    @b0834615-16@dP159-49@e152@f2
    
    宇宙大预言:最可能毁灭人类的十大灾难/美狄亚编著.-北京:台海出版社,2012.01
    240页:图;24cm
    
    
    ISBN 978-7-80141-915-6:CNY29.80
    本书讲述了一个合乎逻辑、无懈可击的预言,将动摇人们千百年来对地球的传统认识。主要包括:小行星撞毁地球?概率大过彩票中大奖;没有太阳,地球将被冷冻起来等。
●
相关链接 在E读中查询图书 在五车中查询图书 在当当中查询图书 在豆瓣中查询图书


正题名:宇宙大预言     索取号:P159-49/152         预约/预借

序号 登录号 条形码 馆藏地/架位号 状态 备注
1 0834615   208346155   第二样本阅览室/ [索取号:P159-49/152] 在馆    
2 0834616   208346164   第三借阅区/ [索取号:P159-49/152] 在馆    
唐山师范学院图书馆 欢迎您!
大连网信软件有限公司© 版权所有